000 00693nam a2200205 a 4500
001 000008923
005 20240412074208.0
008 090921s2003 dr r 000 p spa d
040 _aDO-SdBNP
_bspa
_cBNPHU
082 _aRD861.44
_bE74v
100 1 _aEscorbort Encarnación, Juana
_923493
245 1 0 _aVivencias y sentimientos de un corazón /
_cJuana Escorbort Encarnación.
260 _aSanto Domingo :
_bAmalba,
_c2003.
300 _a229 p. ;
_c21 cm.
500 _aIncluye datos biográficos de la autora en las solapas
590 _aInventariado, 2018/BT
650 0 _aPoesía dominicana
_966
650 0 _aLiteratura dominicana.
_967
910 _aValidado. Control de calidad. MMOLINA
999 _c8689
_d8689